000 00491ntaaa2200193 4500
003 01
005 20251027202126.0
008 0714s1973 ag 01
040 _aAR-BaBN
_bspa
_cAR-BaBN
_eaacr
_dRIC
082 _a261.8300 P93
100 _aPrice, T
_919718
245 _aChristianity and race relations
250 _a1 ed.
260 _aLondon :
_bSCM Press,
_c1954
300 _a88 p
500 _aCristianismo y relaciones raciales
650 _arelaciones raciales
_92564
942 _cBK
999 _c16133
_d16133